[Event "World Senior chT-50 2019"]
[Site "Rhodes"]
[Date "2019.04.24"]
[Round "9.37"]
[White "Zimmermann, Rolf"]
[Black "Kristiansen, Erling"]
[Result "1/2-1/2"]
[WhiteElo "2086"]
[BlackElo "2134"]
[Annotator "NA"]
[PlyCount "37"]
[EventDate "2019.04.16"]
[EventType "team-tourn"]
[EventCountry "GRE"]
[SourceTitle "playchess.com"]
[Source "ChessBase"]
[SourceQuality "1"]
[WhiteTeam "Germany"]
[BlackTeam "Norway"]
[WhiteTeamCountry "GER"]
[BlackTeamCountry "NOR"]
[TimeControl "40/5400+30:1800+30"]

1. c4 {[%emt 0:01:37]} Nf6 {[%emt 0:00:00]} 2. Nc3 {[%emt 0:00:13]} c5 {[%emt 0:00:15]} 3. Nf3 {[%emt 0:01:03]} d5 {[%emt 0:00:21]} 4. cxd5 {[%emt 0:00:11]} Nxd5 {[%emt 0:00:02]} 5. e3 {[%emt 0:03:50]} Nc7 {[%emt 0:01:40]} 6. d4 {[%emt 0:03:05]} e6 {[%emt 0:00:42]} 7. Be2 {[%emt 0:03:00]} Nc6 {[%emt 0:00:21]} 8. O-O {[%emt 0:00:06]} cxd4 {[%emt 0:00:44]} 9. Nxd4 {[%emt 0:00:18]} Nxd4 {[%emt 0:01:26]} 10. Qxd4 {[%emt 0:00:21]} Qxd4 {[%emt 0:00:12]} 11. exd4 {[%emt 0:00:02]} Bd6 {[%emt 0:00:45]} 12. Be3 {[%emt 0:02:03]} O-O {[%emt 0:01:15]} 13. Rac1 {[%emt 0:03:34]} Rd8 {[%emt 0:01:29]} 14. Rfd1 {[%emt 0:01:27]} Nd5 {[%emt 0:04:42]} 15. Nxd5 {[%emt 0:01:21]} exd5 {[%emt 0:00:40]} 16. Bf3 {[%emt 0:06:58]} Be6 {[%emt 0:00:03]} 17. a3 {[%emt 0:00:21]} Rdc8 {[%emt 0:04:54]} 18. Rxc8+ {[%emt 0:00:52]} Rxc8 {[%emt 0:00:04]} 19. Rc1 {[%emt 0:00:01]} 1/2-1/2

[Event "World Senior chT-50 2019"]
[Site "Rhodes"]
[Date "2019.04.24"]
[Round "9.38"]
[White "Semakoff, Aleks"]
[Black "Hoehn, Michael"]
[Result "1/2-1/2"]
[WhiteElo "2037"]
[BlackElo "2040"]
[Annotator "NA"]
[PlyCount "50"]
[EventDate "2019.04.16"]
[EventType "team-tourn"]
[EventCountry "GRE"]
[SourceTitle "playchess.com"]
[Source "ChessBase"]
[SourceQuality "1"]
[WhiteTeam "Norway"]
[BlackTeam "Germany"]
[WhiteTeamCountry "NOR"]
[BlackTeamCountry "GER"]
[TimeControl "40/5400+30:1800+30"]

1. e4 {[%emt 0:00:00]} d6 {[%emt 0:00:00]} 2. d4 {[%emt 0:00:00]} e5 {[%emt 0:00:44]} 3. Nf3 {[%emt 0:00:13]} Bg4 {[%emt 0:01:39]} 4. dxe5 {[%emt 0:01:31]} Nc6 {[%emt 0:01:10]} 5. exd6 {[%emt 0:08:11]} Bxd6 {[%emt 0:00:09]} 6. Bb5 {[%emt 0:02:38]} Nf6 {[%emt 0:03:52]} 7. Nc3 {[%emt 0:05:09]} O-O {[%emt 0:01:15]} 8. Bxc6 {[%emt 0:00:59]} bxc6 {[%emt 0:00:08]} 9. O-O {[%emt 0:07:01]} Re8 {[%emt 0:03:18]} 10. Bg5 {[%emt 0:19:53]} Rb8 {[%emt 0:01:33]} 11. Rb1 {[%emt 0:05:25]} h6 {[%emt 0:04:53]} 12. Bh4 {[%emt 0:03:02]} g5 {[%emt 0:07:13]} 13. Bg3 {[%emt 0:00:20]} Bxg3 {[%emt 0:07:20]} 14. hxg3 {[%emt 0:05:36]} Qxd1 {[%emt 0:01:16]} 15. Rfxd1 {[%emt 0:01:02]} Nxe4 {[%emt 0:00:21]} 16. Nxe4 {[%emt 0:01:21]} Rxe4 {[%emt 0:00:09]} 17. Rd2 {[%emt 0:01:10]} Be6 {[%emt 0:28:30]} 18. b3 {[%emt 0:01:27]} c5 {[%emt 0:01:14]} 19. Re1 {[%emt 0:03:43]} Rxe1+ {[%emt 0:02:00]} 20. Nxe1 {[%emt 0:00:02]} c4 {[%emt 0:00:25]} 21. Nf3 {[%emt 0:01:13]} cxb3 {[%emt 0:04:52]} 22. cxb3 {[%emt 0:00:57]} Rb6 {[%emt 0:05:36]} 23. Rc2 {[%emt 0:01:49]} Ra6 {[%emt 0:00:17]} 24. Nd4 {[%emt 0:01:23]} Bd5 {[%emt 0:01:43]} 25. f3 {[%emt 0:03:38]} c6 {[%emt 0:03:52]} 1/2-1/2

[Event "World Senior chT-50 2019"]
[Site "Rhodes"]
[Date "2019.04.24"]
[Round "9.39"]
[White "Wolff, Peter"]
[Black "Johnsen, Sylvia"]
[Result "1-0"]
[WhiteElo "1893"]
[BlackElo "1949"]
[Annotator "NA"]
[PlyCount "79"]
[EventDate "2019.04.16"]
[EventType "team-tourn"]
[EventCountry "GRE"]
[SourceTitle "playchess.com"]
[Source "ChessBase"]
[SourceQuality "1"]
[WhiteTeam "Germany"]
[BlackTeam "Norway"]
[WhiteTeamCountry "GER"]
[BlackTeamCountry "NOR"]
[TimeControl "40/5400+30:1800+30"]

1. c4 {[%emt 0:00:00]} c5 {[%emt 0:00:00]} 2. Nf3 {[%emt 0:00:00]} Nf6 {[%emt 0:00:00]} 3. d4 {[%emt 0:00:00]} cxd4 {[%emt 0:01:00]} 4. Nxd4 {[%emt 0:00:00]} Nc6 {[%emt 0:01:55]} 5. Nc3 {[%emt 0:00:19]} g6 {[%emt 0:10:10]} 6. e4 {[%emt 0:00:25]} d6 {[%emt 0:06:58]} 7. Be2 {[%emt 0:01:18]} Bg7 {[%emt 0:00:19]} 8. Nc2 {[%emt 0:00:24]} O-O {[%emt 0:02:32]} 9. O-O {[%emt 0:00:11]} Nd7 {[%emt 0:01:00]} 10. Nd5 {[%emt 0:05:10]} Nc5 {[%emt 0:03:43]} 11. f3 {[%emt 0:01:04]} f5 {[%emt 0:06:20]} 12. exf5 {[%emt 0:04:03]} gxf5 {[%emt 0:06:01]} 13. Rb1 {[%emt 0:03:57]} e6 {[%emt 0:02:51]} 14. Nf4 {[%emt 0:05:56]} Be5 {[%emt 0:15:50]} 15. Qe1 {[%emt 0:07:18]} a5 {[%emt 0:07:07]} 16. Bd2 {[%emt 0:07:34]} Bf6 {[%emt 0:08:17]} 17. Qg3+ {[%emt 0:27:26]} Kh8 {[%emt 0:00:52]} 18. Qh3 {[%emt 0:00:06]} Rg8 {[%emt 0:03:07]} 19. Nh5 {[%emt 0:05:28]} Be7 {[%emt 0:01:41]} 20. Bc3+ {[%emt 0:00:39]} e5 {[%emt 0:00:44]} 21. f4 {[%emt 0:01:06]} Ne4 {[%emt 0:03:54]} 22. Be1 {[%emt 0:01:20]} Nf6 {[%emt 0:06:36]} 23. Kh1 {[%emt 0:02:34]} Nxh5 {[%emt 0:00:36]} 24. Bxh5 {[%emt 0:00:30]} e4 {[%emt 0:00:20]} 25. Ne3 {[%emt 0:02:18]} Bf6 {[%emt 0:02:11]} 26. Nd5 {[%emt 0:00:58]} Bd4 {[%emt 0:00:45]} 27. Bh4 {[%emt 0:02:37]} Qf8 {[%emt 0:01:10]} 28. Rfd1 {[%emt 0:01:05]} Bg7 {[%emt 0:02:55]} 29. Rd2 {[%emt 0:06:08]} Ra7 {[%emt 0:00:40]} 30. Bf2 {[%emt 0:02:00]} b6 {[%emt 0:01:00]} 31. Nxb6 {[%emt 0:02:10]} Be6 {[%emt 0:00:21]} 32. Rbd1 {[%emt 0:01:59]} Rc7 {[%emt 0:00:59]} 33. Rxd6 {[%emt 0:01:12]} Bc8 {[%emt 0:00:56]} 34. Na8 {[%emt 0:03:30]} Rd7 {[%emt 0:00:42]} 35. Rxd7 {[%emt 0:01:51]} Bxd7 {[%emt 0:00:01]} 36. Rxd7 {[%emt 0:00:49]} Qxa8 {[%emt 0:00:07]} 37. Bg6 {[%emt 0:01:41]} h6 {[%emt 0:00:14]} 38. Bxf5 {[%emt 0:00:24]} Qe8 {[%emt 0:00:54]} 39. Qxh6+ {[%emt 0:00:41]} Bxh6 {[%emt 0:00:08]} 40. Rh7# {[%emt 0:01:53] exf3 [%clk 00:04:34]} 1-0

[Event "World Senior chT-50 2019"]
[Site "Rhodes"]
[Date "2019.04.24"]
[Round "9.40"]
[White "Harstad, Christian"]
[Black "Theuer, Carsten"]
[Result "1/2-1/2"]
[WhiteElo "1911"]
[BlackElo "1868"]
[Annotator "NA"]
[PlyCount "113"]
[EventDate "2019.04.16"]
[EventType "team-tourn"]
[EventCountry "GRE"]
[SourceTitle "playchess.com"]
[Source "ChessBase"]
[SourceQuality "1"]
[WhiteTeam "Norway"]
[BlackTeam "Germany"]
[WhiteTeamCountry "NOR"]
[BlackTeamCountry "GER"]
[TimeControl "40/5400+30:1800+30"]

1. d4 {[%emt 0:00:00]} Nf6 {[%emt 0:00:00]} 2. c4 {[%emt 0:00:00]} g6 {[%emt 0:00:00]} 3. Nc3 {[%emt 0:00:00]} Bg7 {[%emt 0:00:00]} 4. e4 {[%emt 0:00:00]} d6 {[%emt 0:00:15]} 5. Nf3 {[%emt 0:00:18]} O-O {[%emt 0:01:39]} 6. Be2 {[%emt 0:00:19]} Nbd7 {[%emt 0:00:51]} 7. Bg5 {[%emt 0:03:47]} c5 {[%emt 0:01:00]} 8. d5 {[%emt 0:00:37]} Nb6 {[%emt 0:02:14]} 9. h3 {[%emt 0:02:36]} Nfd7 {[%emt 0:01:36]} 10. Qd2 {[%emt 0:01:16]} a6 {[%emt 0:01:46]} 11. Bh6 {[%emt 0:04:05]} Re8 {[%emt 0:03:07]} 12. h4 {[%emt 0:06:53]} Nf6 {[%emt 0:00:41]} 13. Bxg7 {[%emt 0:08:14]} Kxg7 {[%emt 0:00:12]} 14. h5 {[%emt 0:02:34]} gxh5 {[%emt 0:07:59]} 15. e5 {[%emt 0:04:15]} dxe5 {[%emt 0:04:43]} 16. Qg5+ {[%emt 0:01:02]} Kh8 {[%emt 0:03:34]} 17. Nxe5 {[%emt 0:01:30]} Rf8 {[%emt 0:01:00]} 18. Bxh5 {[%emt 0:02:33]} Qe8 {[%emt 0:01:21]} 19. O-O-O {[%emt 0:05:50]} Nbd7 {[%emt 0:01:25]} 20. f4 {[%emt 0:04:37]} Nxe5 {[%emt 0:09:58]} 21. fxe5 {[%emt 0:00:46]} Rg8 {[%emt 0:00:07]} 22. Qh6 {[%emt 0:06:00]} Nxh5 {[%emt 0:00:23]} 23. Rxh5 {[%emt 0:02:52]} Rg7 {[%emt 0:00:09]} 24. Rdh1 {[%emt 0:03:18]} Qg8 {[%emt 0:01:37]} 25. Ne4 {[%emt 0:03:41]} Bg4 {[%emt 0:06:19]} 26. Ng5 {[%emt 0:05:27]} Bxh5 {[%emt 0:04:39]} 27. Rxh5 {[%emt 0:00:07]} Rf8 {[%emt 0:01:52]} 28. d6 {[%emt 0:04:44]} exd6 {[%emt 0:03:05]} 29. Qf6 {[%emt 0:00:24]} dxe5 {[%emt 0:01:15]} 30. Rxh7+ {[%emt 0:02:44]} Qxh7 {[%emt 0:00:10]} 31. Nxh7 {[%emt 0:00:07]} Kxh7 {[%emt 0:00:11]} 32. Qxe5 {[%emt 0:00:52]} b6 {[%emt 0:00:33]} 33. Qf5+ {[%emt 0:03:45]} Rg6 {[%emt 0:00:14]} 34. g4 {[%emt 0:00:28]} Kg7 {[%emt 0:00:38]} 35. a3 {[%emt 0:01:12]} a5 {[%emt 0:06:35]} 36. Kc2 {[%emt 0:02:09]} Rd8 {[%emt 0:02:33]} 37. Qe5+ {[%emt 0:00:35]} Kg8 {[%emt 0:00:36]} 38. g5 {[%emt 0:01:41]} Re6 {[%emt 0:02:38]} 39. Qf5 {[%emt 0:04:20]} Kg7 {[%emt 0:00:43]} 40. b4 {[%emt 0:00:00]} axb4 {[%emt 0:00:00]} 41. axb4 {[%emt 0:01:57]} Rd4 {[%emt 0:01:49]} 42. Kb3 {[%emt 0:08:58]} Re3+ {[%emt 0:02:54]} 43. Ka4 {[%emt 0:00:12]} Rxc4 {[%emt 0:01:29]} 44. Qf6+ {[%emt 0:00:42]} Kg8 {[%emt 0:00:19]} 45. Qd8+ {[%emt 0:01:07]} Kh7 {[%emt 0:00:18]} 46. Kb5 {[%emt 0:03:56]} Rxb4+ {[%emt 0:00:25]} 47. Ka6 {[%emt 0:00:07]} Re6 {[%emt 0:01:28]} 48. Qd3+ {[%emt 0:05:59]} Kg7 {[%emt 0:00:35]} 49. Qf3 {[%emt 0:01:39]} Kg6 {[%emt 0:03:27]} 50. Kb7 {[%emt 0:01:00]} b5 {[%emt 0:00:31]} 51. Qd3+ {[%emt 0:00:32]} Kxg5 {[%emt 0:02:21]} 52. Qd5+ {[%emt 0:00:23]} Kf6 {[%emt 0:04:34]} 53. Qxc5 {[%emt 0:00:28]} Rb1 {[%emt 0:00:43]} 54. Qf2+ {[%emt 0:01:15]} Ke7 {[%emt 0:02:09]} 55. Qh4+ {[%emt 0:02:40]} Kf8 {[%emt 0:00:20]} 56. Qh8+ {[%emt 0:00:33]} Ke7 {[%emt 0:00:03]} 57. Qh4+ {[%emt 0:00:20]} 1/2-1/2